Statystyki dla 5 największych wysp na morzu Karaibskim

Kliknij tutaj aby rozwiązać quiz!

Ogólne statystyki

  • Ten quiz został rozwiązany 10 razy
  • Średni wynik to 4 z 5

Statystyki odpowiedzi

PaństwoWyspa% Poprawnych
KubaKuba
100%
Trynidad i tobagoTrynidad
90%
Dominikana,
Haiti
Haiti
80%
JakajkaJamajka
80%
USAPortoryko
60%

Rozkład punktacji

Percentyl według liczby udzielonych odpowiedzi

Procent ludzi z każdym wynikiem

Twoja historia wyników

Nie rozwiązałeś tego quizu